00987nam a2200277Ia 4500003000400000005001700004008004100021020001800062040001800080041000800098082002600106245007600132250001200208260005200220300002700272650004400299650003100343650003300374700003100407700003600438700003500474700003200509942003500541999001900576952011400595OSt20250123114949.0210716s2012 xx 000 0 und d a9788184248104 cAIMIT LIBRARY aeng a001.0726168 21bPULV aPapers in strengths based practice /cEdited by Venkat Pulla...[et.al]. a1st ed. aNew Delhi :bAllied Publishers Pvt Ltd ,c2012. axii,322p. ;bPBc25 cm aThe philosophies and approaches9194862 aMacro perspectives9194863 aPractice reflections9194864 aPulla,Venkat., ed.9194865 aChenoweth, Lesley., ed.9194866 aFrancis, Abraham., ed.9194867 aBakaj, Stefan., ed.9194868 2ddccBKe1stk001.0726168 PULV c194441d194441 001040708MCAaAIMITbAIMITd2021-07-16l0o001.0726168 PULVpMCA13949r2025-07-21 00:00:00w2021-07-16yBK